000 00259nam a22000977a 4500
999 _c11637
_d11637
008 190923b ||||| |||| 00| 0 eng d
020 _a978938878809
100 _aGoyal Brothers
_97340
245 _aHindi B -Class X
260 _aNew Delhi
_bGoyal Publications
_c2019